Ana Mercedes Hoyos (Registro nro. 9443)

Detalles MARC
000 -CABECERA
Longitud fija campo de control 01290cam a2200349 a 4500
003 - • IDENTIFICADOR DELl NÚMERO DE CONTROL
Identificador del número de control CO-BoRNBP
005 - • FECHA Y HORA DE LA ÚLTIMA TRANSACCIÓN
Fecha y hora de la última transacción 20230427151037.0
007 - • CAMPO FIJO DE DESCRIPCIÓN FÍSICA
Campo fijo de descripción física ta
008 - • CÓDIGOS DE INFORMACIÓN DE LONGITUD FIJA
Códigos de información de longitud fija 030325s2002 ck a r 00010 spa d
020 ## - • NÚMERO INTERNACIONAL NORMALIZADO PARA LIBROS
Número Internacional Normalizado para Libros (ISBN) 9588156076
040 ## - FUENTE DE LA CATALOGACIÓN
Centro catalogador de origen CO-BoRNBP
Lengua de catalogación spa
Normas de descripción rda
Centro transcriptor CO-BoRNBP
043 ## - CÓDIGO DE ÁREA GEOGRÁFICA
Código de área geográfica s-ck---
082 04 - • NÚMERO DE LA CLASIFICACIÓN DECIMAL DEWEY
Número de clasificación (R) R 759.986
Número del ítem A51a
245 00 - • TITULO PROPIAMENTE DICHO
Título Ana Mercedes Hoyos
Resto del título retrospectiva
Mención de responsabilidad, etc. textos Angel Kalenberg ; fotografía Oscar Monsalve
250 ## - • MENCIÓN DE EDICIÓN
Mención de edición 1a. edición
264 3# - PRODUCCIÓN, PUBLICACIÓN , DISTRIBUCIÓN, FABRICACIÓN Y COPYRIGHT
Lugar de producción, publicación, distribución, fabricación Bogotá
Nombre del productor, editor, distribuidor, fabricante Villegas Editores
Fecha de de producción, publicación, distribución, fabricación o copyright 2002
300 ## - • DESCRIPCIÓN FÍSICA
Extensión 399 páginas
Otras características físicas ilustraciones, fotográfias
Dimensiones 30 cm.
336 ## - TIPO DE CONTENIDO
Término de tipo de contenido texto
Código de tipo de contenido txt
Fuente rdacontent
337 ## - TIPO DE MEDIO
Nombre del tipo de medio sin mediación
Código del tipo de medio n
Fuente rdamedia
338 ## - TIPO DE SOPORTE
Nombre del tipo de soporte volumen
Código del tipo de soporte nc
Fuente rdacarrier
500 ## - • NOTA GENERAL
Nota general Donación Villegas Editores
500 ## - • NOTA GENERAL
Nota general Incluye datos biográficos de las autoras
600 14 - • PUNTO DE ACCESO ADICIONAL DE MATERIA - NOMBRE DE PERSONA
Nombre de persona Hoyos, Ana Mercedes,
Fechas asociadas al nombre 1942-2014
Subdivisión de materia general (R ) Crítica e interpretación
600 14 - • PUNTO DE ACCESO ADICIONAL DE MATERIA - NOMBRE DE PERSONA
Nombre de persona Hoyos, Ana Mercedes,
Fechas asociadas al nombre 1942-2014
Subdivisión de materia general (R ) Trabajos pictóricos
600 14 - • PUNTO DE ACCESO ADICIONAL DE MATERIA - NOMBRE DE PERSONA
Nombre de persona Hoyos, Ana Mercedes,
Fechas asociadas al nombre 1942-2014
Subdivisión de forma (R ) Exposiciones
650 14 - • PUNTO DE ACCESO ADICIONAL DE MATERIA - TÉRMINO DE MATERIA
Fuente del encabezamiento o término LEMB
Término de materia o nombre geográfico como elemento inicial Pintores colombianos
650 14 - • PUNTO DE ACCESO ADICIONAL DE MATERIA - TÉRMINO DE MATERIA
Fuente del encabezamiento o término LEMB
Término de materia o nombre geográfico como elemento inicial Pintura colombiana
700 10 - • PUNTO DE ACCESO ADICIONAL - NOMBRE DE PERSONA
Nombre de persona Villegas, Benjamín,
Fechas asociadas al nombre 1948-,
Término indicativo de función editor
700 10 - • PUNTO DE ACCESO ADICIONAL - NOMBRE DE PERSONA
Nombre de persona Monsalve, Oscar,
Fechas asociadas al nombre 1949-
Término indicativo de función ilustrador
700 10 - • PUNTO DE ACCESO ADICIONAL - NOMBRE DE PERSONA
Nombre de persona Kalenberg, Angel,
Fechas asociadas al nombre 1936-
942 ## - ENTRADA DE ELEMENTOS AGREGADOS (KOHA)
Fuente de clasificaión o esquema Dewey Decimal Classification
Koha [por defecto] tipo de item LIbro
Existencias
Perdido Fuente de clasificación o esquema Estado Físico No para préstamo Forma de adquisición Localización permanente Localización actual Localización en estanterías Fecha adquisición Préstamos totales Signatura completa Código de barras Fecha última consulta Número de copia Fecha del precio de reemplazo Tipo de item de Koha
  Dewey Decimal Classification     Colección General Biblioteca Pública Dorado Biblioteca Pública Dorado Referencia 05/08/2023   R 759.986 A51a DOR02895 05/08/2023 Ej.1 05/08/2023 LIbro
  Dewey Decimal Classification     Colección General Biblioteca Pública José Eustasio Rivera - San Martin Biblioteca Pública José Eustasio Rivera - San Martin Referencia 07/27/2023   R 759.986 A51a SM002226 07/27/2023 Ej.1 07/27/2023 LIbro
  Dewey Decimal Classification     Colección General Biblioteca Pública Lejanias Biblioteca Pública Lejanias General 11/11/2025   R 759.986 A51a LEJ01315 11/11/2025 Ej.1 11/11/2025 LIbro
  Dewey Decimal Classification     Colección General Biblioteca Pública El Castillo - Alfonso Meneses Biblioteca Pública El Castillo - Alfonso Meneses Referencia 09/12/2023   R 759.986 A51a EC02781 09/12/2023 Ej.1 09/12/2023 LIbro
  Dewey Decimal Classification     Colección General Biblioteca Pública Guamal Biblioteca Pública Guamal Referencia 04/27/2023   R 759.986 A51a GUA003436 04/27/2023 Ej.1 04/27/2023 Libro Referencia
  Dewey Decimal Classification     Colección General Biblioteca Pública La Macarena Biblioteca Pública La Macarena Literatura 11/07/2025   R 759.986 A51a LM03665 11/07/2025 Ej.1 11/07/2025 LIbro
  Dewey Decimal Classification     Sala Referencia Biblioteca Pública Mapiripan Biblioteca Pública Mapiripan Referencia 01/11/2024   R 759.986 A51a MAP00001282 01/11/2024 Ej.1 01/11/2024 LIbro
  Clasificación Local Facetada     Colección General Biblioteca Pública Puerto Concordia Biblioteca Pública Puerto Concordia General 12/19/2025   R 759.986 A51a PCON00122 12/19/2025 Ej.1 12/19/2025 LIbro









Instituto Departamental de Cultura del Meta - Red Departamental de Bibliotecas Públicas del Meta.